00937cam a22003494i 4500003000900000005001700009008004100026020001500067035002700082040003300109082002000142100002800162245002800190264005200218300003800270336002100308337002500329338002300354505007600377526001000453526001000463526001000473526001000483526000800493526000800501526000800509526000800517526000800525526000800533526000800541650003800549PE-LiUPU20250731173458.0150616s r 000 0 d a0804205264 a(Sirsi) i9780804205269 aPE-LiUPUbspacPE-LiUPUerda04a291.07bL422211 aLeith, John H.,eautor.10aCreeds of The Churches. 1aLouisville, Kentucky :bJohn Knox Press,c1982. a736 páginas ;c19 centímetros atext2rdacontent aunmediated2rdamedia avolume2rdacarrier0 aA reader in Christian doctrine from the Bible to the present Christian. aSEG42 aSEG41 aSEG40 aSEG39 aP94 aP87 aP86 aP85 aP77 aP76 aP3504aRELIGIONES - ESTUDIO - ANTOLOGIA.